| 000 | 00582nam a22002177a 4500 | ||
|---|---|---|---|
| 003 | BCEG | ||
| 005 | 20260407113510.0 | ||
| 008 | 260407s2018 mx|||||| |||| 00| 0 spa d | ||
| 020 | _a9786071654656 | ||
| 040 |
_aBCEG _bspa _cBCEG |
||
| 082 | 0 | 4 |
_aM864.4 _bC393d |
| 100 | 1 |
_aCelorio, Gonzalo, _d1948-. |
|
| 245 | 1 | _aDe la carrera de la edad. | |
| 260 |
_aMéxico : _bFondo de Cultura Económica, _c2018. |
||
| 300 | _a2 v. | ||
| 490 | _aLetras Mexicanas. | ||
| 505 |
_gv. 1. _tDe ida -- _gv. 2. _tDe regreso. |
||
| 541 | _aCompra. | ||
| 650 | 1 | 4 | _aEnsayos mexicanos. |
| 942 | _cBK | ||
| 999 |
_c437156 _d437156 |
||